| 000 | 01099nam a22002537a 4500 | ||
|---|---|---|---|
| 005 | 20210325181749.0 | ||
| 008 | s2546 th tha d | ||
| 020 | _a9743229353 | ||
| 041 | _atha | ||
| 050 | _aHD69.B7 ส581ม 2546 | ||
| 100 | 0 | _aสันติ ตั้งรพีกร | |
| 245 | 1 | 0 | _aMade in China ไฮเออร์-เหลียนเสี่ยง (เลโนโว) แบรนด์ดังมังกรพันธุ์แท้ |
| 260 | 3 |
_aกรุงเทพฯ : _bมติชน, _c2546 |
|
| 300 |
_a191 หน้า : _b ภาพประกอบ ; _c 21 ซม. |
||
| 650 | 0 | 4 | _aตราสินค้า -- จีน |
| 650 | 0 | 4 | _aสินค้าแบรนด์เนม -- จีน |
| 650 | 0 | 4 | _aสินค้าจีน -- การส่งออก |
| 650 | 0 | 4 | _aแบรนด์เนม -- จีน |
| 650 | 0 | 4 | _aไฮเออร์ เหลียนเสี่ยง (เลโนโว) |
| 850 | _aNALT | ||
| 942 | _cGB | ||
| 997 | _c000000000012705 | ||
| 998 | _aSAIPHON DEENGAM | ||
| 999 |
_c12705 _d12705 |
||